000 00403nam a22001457a 4500
020 _a9780130124685
040 _cNust
082 _a621.3815
_bMAN
100 _aM. Morris Mano
_92910
245 _aLogic and Computer Design Fundamentals
250 _a2nd edition
260 _aNew Jersey:
_bPearson College Div,
_c2000.
650 _aLogic and Computer Design Fundamentals
_9112196
942 _2ddc
_cBK
999 _c612668
_d612668